<?xml version="1.0" encoding="UTF-8"?>
<record
    xmlns:xsi="http://www.w3.org/2001/XMLSchema-instance"
    xsi:schemaLocation="http://www.loc.gov/MARC21/slim http://www.loc.gov/standards/marcxml/schema/MARC21slim.xsd"
    xmlns="http://www.loc.gov/MARC21/slim">

  <leader>00752cam a22002171  4500</leader>
  <controlfield tag="001">af 48004327 </controlfield>
  <controlfield tag="003">DLC</controlfield>
  <controlfield tag="005">20260227110907.0</controlfield>
  <controlfield tag="008">890325t19461945au            000 1 ger c</controlfield>
  <datafield tag="010" ind1=" " ind2=" ">
    <subfield code="a">af 48004327 </subfield>
  </datafield>
  <datafield tag="035" ind1=" " ind2=" ">
    <subfield code="a">(OCoLC)19454826</subfield>
  </datafield>
  <datafield tag="040" ind1=" " ind2=" ">
    <subfield code="a">Yale Univ. Library</subfield>
    <subfield code="c">CU</subfield>
    <subfield code="d">DLC</subfield>
  </datafield>
  <datafield tag="042" ind1=" " ind2=" ">
    <subfield code="a">premarc</subfield>
  </datafield>
  <datafield tag="050" ind1="0" ind2="0">
    <subfield code="a">PT2603.I238</subfield>
    <subfield code="b">I5</subfield>
  </datafield>
  <datafield tag="100" ind1="1" ind2=" ">
    <subfield code="a">Bienek, Gustav Karl.</subfield>
  </datafield>
  <datafield tag="245" ind1="1" ind2="0">
    <subfield code="a">Im Schatten Romanettis;</subfield>
    <subfield code="b">abenteuerliche Novellen.</subfield>
  </datafield>
  <datafield tag="260" ind1=" " ind2=" ">
    <subfield code="a">[Wien,</subfield>
    <subfield code="b">A. Sexl]</subfield>
    <subfield code="c">1946 [c1945]</subfield>
  </datafield>
  <datafield tag="300" ind1=" " ind2=" ">
    <subfield code="a">239 p.</subfield>
    <subfield code="c">21 cm.</subfield>
  </datafield>
  <datafield tag="440" ind1=" " ind2="0">
    <subfield code="a">Obelisk-Ausgabe</subfield>
  </datafield>
  <datafield tag="505" ind1="0" ind2=" ">
    <subfield code="a">Im Schatten Romanettis.--Die Busse des Kotja Popovic.--Der Schatz von Botticelle.--Der Don Quichotte von San Jorge.--Die grosse Sehnsucht.--Das fremde M&#xE4;dchen.--Das ermordete Portr&#xE4;t.</subfield>
  </datafield>
  <datafield tag="999" ind1=" " ind2=" ">
    <subfield code="c">5992</subfield>
    <subfield code="d">5992</subfield>
  </datafield>
</record>
